[Event "Satka Autumn 2020"]
[Site "Satka"]
[Date "2020.10.22"]
[Round "2.7"]
[White "Afonasieva, Anna"]
[Black "Khokhlova, Daria"]
[Result "1/2-1/2"]
[WhiteElo "2279"]
[BlackElo "2168"]
[Annotator "TA"]
[PlyCount "142"]
[EventDate "2020.10.21"]
[EventType "swiss"]
[EventCountry "RUS"]
[SourceTitle "playchess.com"]
[Source "ChessBase"]
[SourceQuality "1"]

{[%evp 13,142,0,0,0,0,0,7,-4,0,0,43,27,33,32,32,27,54,35,27,-14,-29,-29,-19,-34,32,21,17,-84,-20,-63,-58,-100,-60,-160,-154,-158,-139,-140,-142,-139,-51,-56,-40,-14,-49,-82,-75,-96,-8,-8,-8,-37,-27,-27,-27,-40,-26,-26,-15,-20,-31,-24,-57,-57,-57,-71,-49,-53,-70,-115,-116,-191,-186,-968,-291,-597,0,0,0,0,0,0,0,0,0,0,0,0,0,-54,-54,-54,-54,-56,753,753,753,706,649,17,95,17,107,0,0,0,0,0,0,0,0,0,0,0,0,0,0,0,0,0,0,0,0,0,0,0,0,0,0,0,0]} 1. d4 Nf6 2. Nf3 g6 3. Bf4 Bg7 4. e3 O-O 5. h3 d6 6. Be2 Nbd7 7. O-O b6 8. a4 {A48: 1 d4 Nf6 2 Nf3 g6: Torre, London and Colle Systems.} a5 9. c3 Bb7 10. Na3 Ne4 11. Bh2 {[#]} c5 $146 ({Predecessor:} 11... Kh8 12. Qb3 e6 13. Nb5 Rc8 14. Rad1 Qe7 15. Na7 Ra8 16. Nb5 Rac8 17. Qa3 Rfe8 {½-½ (30) Kamsky,G (2678)-Shankland,S (2656) Saint Louis 2016}) 12. Nd2 Nxd2 13. Qxd2 Nf6 14. Rfd1 Qc8 15. Nc4 Qc7 16. b4 Ne4 17. Qb2 Bd5 $36 {[%mdl 2048] Black fights for an advantage.} 18. Rdc1 Qc6 (18... axb4 $15 19. cxb4 cxd4 20. exd4 Qb7) 19. f3 $14 Nf6 20. e4 (20. bxc5 $11 bxc5 21. e4 Bxc4 22. Bxc4) 20... Bxc4 (20... axb4 $17 21. e5 bxc3 22. Qxc3 Nd7) 21. Bxc4 axb4 22. Qb3 Bh6 23. e5 (23. d5 $15 Be3+ 24. Kh1) 23... Bxc1 24. Rxc1 dxe5 25. dxe5 Nh5 ({Weaker is} 25... Qxa4 26. exf6 Qxb3 27. Bxb3 $11) 26. e6 {[%cal Re6f7]} fxe6 (26... Qxa4 $17 27. exf7+ Kg7 28. cxb4 Qxb3 29. Bxb3 Ra3) 27. Bxe6+ Kg7 28. cxb4 Qxa4 29. Qc3+ Nf6 30. bxc5 Qc6 ({Black should try} 30... bxc5 $17 31. Be5 Rfd8) 31. Qe3 $11 bxc5 32. g4 h6 33. Bf4 g5 34. Bg3 Qa4 35. Be5 {Threatening h4.} Rfd8 36. Bb3 Qa7 37. Bc4 $1 {Black should prevent h4!} Kf8 38. h4 Qa3 39. Bc3 {aiming for Re1.} Nd5 40. Bxd5 $1 Rxd5 41. hxg5 hxg5 42. Re1 (42. Ra1 $17 Qxa1+ 43. Bxa1 Rxa1+ 44. Kf2) 42... c4 $1 $19 43. Qe6 $2 (43. Ra1 Qxa1+ 44. Bxa1 Rxa1+ 45. Kh2) 43... Qc5+ $2 (43... Qxc3 44. Qxe7+ Kg8 45. Qe6+ Kg7 46. Qe7+ Kh8) 44. Kf1 $2 (44. Kh1 Qd6 45. Qe4) 44... Rd3 $2 (44... Ra2 $19 {[%csl Ga2][%cal Rc5f2]} 45. Qe3 Qxe3 46. Rxe3 Rd1+ 47. Re1 Rd3 {[%mdl 64] Double Attack}) 45. Qh6+ $11 {[#]} Ke8 $1 46. Qh8+ {[#]} Kd7 $1 47. Qxa8 Rxc3 {[%mdl 4096] Endgame KQR-KQR} 48. Qb7+ Ke8 {Hoping for ...Rc2.} 49. Qa8+ Kf7 50. Qe4 Rd3 51. Rc1 (51. Kg2 $11) 51... Rd4 $15 52. Qh7+ Ke8 {( -> ...Rd2)} 53. Rb1 Rd6 $2 {[%mdl 8192]} (53... Qd5 $15 54. Qh8+ Kd7 55. Rb7+ Qxb7 56. Qxd4+ Ke8 57. Qxc4 Qxf3+ 58. Kg1 Qg3+ 59. Kh1 Qf3+ 60. Kg1 Qe3+ 61. Kg2 Kf8) 54. Qg8+ $1 $18 Kd7 55. Rb7+ Kc6 {[#]} 56. Qc8+ $2 (56. Qa8 $1 $18 {is the precise move to win.}) 56... Kd5 $16 {[#]} 57. Rc7 ({Better is} 57. Qa8 $1 $16 Rc6 58. Qd8+ Ke6 59. Qg8+ Kd6 60. Qd8+ Ke6 61. Qg8+ Kd6 62. Qb8+ Ke6 63. Qg8+) 57... Qb4 (57... Qb5 $1 $11) 58. Qf5+ (58. Rxe7 $16 {And now Qa8+ would win.} Qb1+ 59. Kf2 Qb6+ 60. Kg2) 58... Kd4 $11 {The position is equal.} 59. Rxe7 Kc3 60. Re2 {Qe5+ would kill now.} Rd1+ 61. Kg2 Rd2 62. Rxd2 Kxd2 63. Qxg5+ {KQ-KQ} Kc2 64. Qf5+ Kb2 65. g5 c3 {...c2 is the strong threat.} 66. Qe5 {With the idea g6.} Kb1 67. Qe1+ Ka2 {White must now prevent ...Qb2+.} 68. g6 {Threatens to win with g7.} Qb2+ 69. Kh3 {Strongly threatening g7.} c2 70. Qa5+ Kb1 71. Qf5 Ka1 {A wild game. Av CentiPawn Loss W=-40/B=-41. Weighted=-56/-84} 1/2-1/2

[Event "Satka Autumn 2020"]
[Site "Satka"]
[Date "2020.10.22"]
[Round "2.8"]
[White "Doroshenko, Diana"]
[Black "Maltsevskaya, Aleksandra"]
[Result "1/2-1/2"]
[WhiteElo "2214"]
[BlackElo "2260"]
[Annotator "TA"]
[PlyCount "149"]
[EventDate "2020.10.21"]
[EventType "swiss"]
[EventCountry "RUS"]
[SourceTitle "playchess.com"]
[Source "ChessBase"]
[SourceQuality "1"]

{[%evp 9,149,0,8,-8,-8,-12,6,11,15,15,39,-6,0,12,80,48,44,3,28,-48,-40,-38,-41,-25,14,-50,-42,-63,-69,-102,-107,-99,0,-61,-53,-58,-59,-123,-51,-56,-36,-37,-31,-34,-37,-67,-56,-128,-111,-67,-52,-112,-112,-126,-116,-118,-118,-166,-154,-181,-170,-152,-59,-73,-58,-107,-33,-30,-40,-51,0,0,0,0,22,0,0,-12,-2,-3,-12,-17,-17,-17,0,0,21,0,0,0,0,0,0,0,0,0,0,0,6,0,0,0,0,-77,0,0,0,0,0,0,0,0,0,0,96,96,96,96,96,96,96,96,96,96,96,96,96,96,96,19,19,19,19,11,11,11,12,8,8,8,8,8]} 1. d4 Nf6 2. Nf3 b6 3. Bf4 Bb7 4. e3 g6 5. Bd3 d6 6. Qe2 {A47: 1 d4 Nf6 2 Nf3 b6: Torre, London and Colle Systems.} Bg7 {[#]} 7. e4 $146 ({Predecessor:} 7. Nbd2 Nd5 8. Bg3 Nb4 9. O-O Nxd3 10. cxd3 O-O 11. e4 c5 12. Nb3 a5 13. a4 {0-1 (29) Leao,T (2141)-Sousa,A (2392) Lisbon 2020}) 7... Nh5 8. Bg5 h6 9. Be3 e5 10. d5 O-O 11. Qd2 g5 (11... Nf4 $11 {keeps the balance.}) 12. g4 Nf4 13. Bxf4 exf4 14. c4 (14. Nc3 $11) 14... Bc8 $36 {[%mdl 2048] Black has the initiative.} 15. h3 Nd7 16. Nc3 Qf6 17. Bc2 ({White should play} 17. O-O-O $11) 17... a6 18. a4 Re8 19. Kf1 Nc5 20. Rd1 Nd7 (20... h5 $17 21. gxh5 Qh6) 21. Qe2 (21. Ra1 $1 $11) 21... Ne5 22. Nxe5 Qxe5 23. f3 (23. Kg2 $15) 23... Bd7 (23... Bf6 $1 $17) 24. h4 h5 25. gxh5 {Hoping for hxg5.} gxh4 26. Rxh4 Bf6 27. Rh1 Kh8 $1 {[%mdl 1024] Black has compensation.} 28. Qh2 (28. Rd2 $15) 28... Rg8 $1 $17 29. Ne2 Bg5 30. Nd4 (30. b3 $15) 30... Bh6 31. Nf5 Bxf5 $1 32. exf5 Qxb2 33. Qd2 {[#]} Rg3 $1 {[%cal Rg3f3]} 34. Be4 Qb3 35. Qd3 Qxd3+ (35... Qxa4 $17 {White must now prevent ...Rag8.} 36. Re1 Qa2) 36. Rxd3 $15 b5 37. a5 Bg7 ({Inferior is} 37... bxc4 38. Rc3 $14) ({Better is} 37... Re8 $17 {...Rxe4! is the strong threat.} 38. Rg1 (38. cxb5 $2 Rxe4 {[%mdl 64] Remove Defender} 39. fxe4 Rxd3 $19) 38... Rxg1+ 39. Kxg1 b4) 38. cxb5 axb5 39. Ra3 Bd4 (39... Bf6 $15) 40. a6 $11 Bc5 41. Ra5 b4 42. h6 f6 43. h7 Bb6 44. Ra4 b3 45. Ke2 Rg2+ 46. Kd3 Bg1 47. Rb4 b2 48. Kc4 Bh2 49. Rb1 Rxa6 50. R1xb2 Rxb2 51. Rxb2 {[%mdl 4096] Endgame KRB-KRB} Bg1 52. Rg2 Bc5 53. Rg6 Ra4+ 54. Kd3 Bd4 55. Rh6 Be5 56. Rh1 (56. Kd2 $11) 56... Ra5 (56... c5 $17) 57. Kc4 Rc5+ 58. Kb4 Bc3+ 59. Kb3 Bd4 60. Kb4 Rc3 61. Kb5 c6+ (61... Be5 $11 {remains equal.}) 62. dxc6 $16 {Threatens to win with Rd1.} d5 {[%mdl 64] Decoy} 63. Bxd5 {aiming for Be4.} Rc5+ 64. Ka6 {Strongly threatening Be4.} Rxd5 {[#] KRB-KR} 65. c7 $1 {[%cal Rc7c8]} Rd6+ 66. Kb5 Rb6+ 67. Kc4 Rc6+ 68. Kxd4 {And now Kd5 would win.} Rxc7 {KR-KR} 69. Kd5 ({White should try} 69. Rh6 $16) 69... Re7 $11 {The position is equal.} 70. Rh6 Re5+ 71. Kd6 Rxf5 72. Ke6 Ra5 73. Rxf6 Ra6+ 74. Kf5 Rxf6+ 75. Kxf6 {Av CentiPawn Loss W=-13/B=-13. Weighted=-14/-15} 1/2-1/2

[Event "Satka Autumn 2020"]
[Site "Satka"]
[Date "2020.10.22"]
[Round "2.9"]
[White "Alekseeva, Irina"]
[Black "Nasybullina, Dayana"]
[Result "1-0"]
[WhiteElo "2110"]
[BlackElo "1802"]
[Annotator "TA"]
[PlyCount "107"]
[EventDate "2020.10.21"]
[EventType "swiss"]
[EventCountry "RUS"]
[SourceTitle "playchess.com"]
[Source "ChessBase"]
[SourceQuality "1"]

{[%evp 20,107,12,27,48,9,10,12,126,112,109,108,103,97,99,51,55,69,71,16,102,97,95,71,136,0,7,0,8,0,0,0,0,0,21,21,21,17,13,11,20,13,102,102,96,93,99,95,97,96,632,604,606,583,542,409,850,818,815,804,771,693,29961,29961,29962,29959,29966,29964,29966,11520,6211,5615,2118,2058,29966,29969,29977,29978,29979,29977,29981,29981,29979,29979,29979,29979,29990,29991,29991,29992]} 1. e4 c5 2. Nf3 e6 3. d4 cxd4 4. Nxd4 Nc6 5. Nc3 Qc7 6. Be3 a6 7. Be2 Nf6 8. O-O Bb4 9. Nxc6 bxc6 10. Qd4 c5 11. Qc4 Bb7 {B49: Sicilian: Taimanov: 5 Nc3 Qc7 6 Be3 a6 7 Be2.} 12. Bf3 {is the legacy move (12.a3).} (12. a3 $5 {[%cal Ra3b4]} Bxc3 13. Qxc3 $14) 12... Qe5 13. Na4 {[#] Strongly threatening a3.} O-O $146 (13... Nxe4 $11 {keeps the balance.} 14. Nb6 Rd8) ({Predecessor:} 13... Bxe4 14. a3 Bxf3 15. axb4 Bd5 16. Qf4 Qxf4 17. Bxf4 cxb4 18. Nb6 Ke7 19. Nxa8 Rxa8 {1-0 (50) Cori Quispe,K (2378)-Acosta,P (2428) Manta 2017}) 14. c3 ({But not} 14. Bxc5 $6 Bxc5 15. Qxc5 (15. Nxc5 Rfc8 $17) 15... Qf4 $11) 14... Bc6 15. cxb4 ({Resist} 15. Nxc5 Bxc5 16. Qxc5 Qxc5 $14) 15... Bxa4 16. Qxc5 Qxb2 17. Bd4 Qd2 18. Bxf6 gxf6 19. Qe7 ({White should play} 19. e5 $16) 19... Rac8 (19... Qf4 $11) 20. Qxf6 $16 Qxb4 21. e5 Rc4 (21... Bc2 $142) 22. Rfe1 ({Better is} 22. Qg5+ $16 Kh8 23. Rab1) 22... Rf4 $1 $11 {[%cal Rf4f6]} 23. Qh6 f6 24. Re3 {[#] Hoping for Bh5.} Qd4 25. Rae1 {Threatens to win with Be4.} fxe5 26. Rxe5 Bc2 27. Rg5+ $40 {[%mdl 128] White has some attack.} Kh8 28. h3 Qf6 29. Qxf6+ R8xf6 30. Rc1 Rc4 (30... h6 $11) 31. Be2 $16 Rc6 32. Ra5 Rf5 33. Rxf5 exf5 34. Bxa6 Be4 $2 {[%mdl 8192] [#] This move loses the game for Black.} (34... Rxa6 $16 35. Rxc2 d6) 35. Rxc6 $18 Bxc6 {[%mdl 4096] Endgame KB-KB} 36. f4 Kg7 37. Bd3 Kf6 (37... h5 $142 38. Bxf5 h4) 38. g4 fxg4 39. hxg4 h6 40. Kf2 d5 41. Ke3 Bd7 42. Be2 Ke7 43. Kd4 Kd6 44. Bf3 (44. Bd1 $142 Bb5 45. a4 Ba6 46. a5 Bc8 47. Bf3 Kc7 48. g5 hxg5 49. fxg5) 44... Bc6 45. f5 Ba4 46. a3 {[%cal Ba2a3,Ba3a4,Ba4a5,Ba5a6][%mdl 32]} Bb5 47. Bd1 {White mates.} Bc4 48. a4 Ba6 49. a5 Bb5 50. Bf3 Ba6 51. Bxd5 Be2 52. f6 Bxg4 53. f7 Ke7 54. a6 {Av CentiPawn Loss W=-53/B=133. Weighted=-45/161} 1-0

[Event "Satka Autumn 2020"]
[Site "Satka"]
[Date "2020.10.22"]
[Round "2.10"]
[White "Loskutova, Viktoriya"]
[Black "Vanishvili, Mari"]
[Result "1-0"]
[WhiteElo "2110"]
[BlackElo "1878"]
[Annotator "TA"]
[PlyCount "71"]
[EventDate "2020.10.21"]
[EventType "swiss"]
[EventCountry "RUS"]
[SourceTitle "playchess.com"]
[Source "ChessBase"]
[SourceQuality "1"]

{[%evp 14,71,32,29,22,13,42,29,39,19,37,27,39,43,52,52,43,19,62,62,66,68,75,83,116,122,104,84,79,56,72,72,66,60,75,56,93,0,0,0,20,-39,-17,-30,0,0,17,17,16,0,0,0,0,0,0,0,347,344,29964,29949]} 1. e4 e5 2. Nf3 d6 3. d4 exd4 4. Nxd4 Nf6 5. Nc3 Be7 6. Be2 O-O 7. O-O {7.Bf4 gains popularity.} c5 8. Nb3 Nc6 {C41: Philidor Defence.} 9. f4 Be6 10. Bf3 Re8 {White has an edge.} 11. Re1 Bf8 12. Be3 {[#]} Qc8 $146 ({Predecessor:} 12... Rc8 13. Nd5 Bxd5 14. exd5 Ne7 15. c4 g6 16. g4 Bg7 17. Kg2 b5 18. Nd2 a6 {1-0 (39) Mamedyarov,S (2772)-Mamedov,R (2660) Moscow 2011}) 13. h3 Rb8 14. Bf2 b5 15. Qd2 a5 16. Nd5 a4 17. Nxf6+ gxf6 18. Nc1 f5 19. exf5 Bxf5 20. Rxe8 Qxe8 21. Nd3 Bg7 22. Re1 Qd7 23. g4 Bxd3 24. Qxd3 Nd4 25. c3 (25. Be4 $16) 25... Nxf3+ $11 26. Qxf3 b4 27. f5 ({White should play} 27. cxb4 $11 cxb4 28. b3) 27... a3 $15 28. bxa3 $1 {[#] Strongly threatening f6.} Bxc3 29. Rd1 $36 {[%mdl 2048] Black is under pressure.} Qe7 30. axb4 cxb4 31. Qd5 Qe5 32. Qxd6 Qxd6 33. Rxd6 Ra8 34. Bd4 Bd2 $2 {[%mdl 8192] [#]} (34... Kf8 $11 {and Black has nothing to worry.}) 35. Bf6 $1 $18 Rc8 $2 (35... Bf4 $18 36. Rd7 Be3+ 37. Kg2 Kf8) 36. Rxd2 {Av CentiPawn Loss W=-11/B=-57. Weighted=-17/-129} 1-0

[Event "Satka Autumn 2020"]
[Site "Satka"]
[Date "2020.10.22"]
[Round "2.11"]
[White "Stroganova, Karina"]
[Black "Petrukhina, Olga"]
[Result "1/2-1/2"]
[WhiteElo "1825"]
[BlackElo "2109"]
[Annotator "TA"]
[PlyCount "113"]
[EventDate "2020.10.21"]
[EventType "swiss"]
[EventCountry "RUS"]
[SourceTitle "playchess.com"]
[Source "ChessBase"]
[SourceQuality "1"]

{[%evp 9,113,-36,-36,-36,-38,-36,-40,-89,-89,-78,-84,-82,-70,-57,-66,-62,0,3,6,0,38,37,58,32,50,16,38,-35,13,23,12,13,15,18,37,-16,-10,-66,0,-2,0,0,0,0,0,0,0,0,0,0,0,-61,-44,-91,0,0,0,-83,-77,-93,-94,-81,-91,-89,-85,-87,-15,-23,-23,-13,0,0,0,0,0,0,0,0,0,0,0,0,0,0,0,0,0,0,0,0,0,0,0,0,0,0,0,0,0,0,0,0,0,0,0,0]} 1. d4 d5 2. Bf4 e6 3. e3 Bd6 4. Bd3 c5 {[#]} 5. c3 $146 ({Predecessor:} 5. dxc5 Bxf4 6. exf4 Qa5+ 7. Nd2 Nd7 8. c3 Nxc5 9. Nb3 Nxd3+ 10. Qxd3 Qa4 11. Nd4 Nf6 {1-0 (41) Vo,T (2414)-Phan,P (1981) Hanoi 2017}) 5... Bxf4 6. exf4 {D00: 1 d4 d5: Unusual lines.} Qb6 7. Na3 Bd7 8. dxc5 {Black is slightly better.} Qxb2 {[%mdl 64] Double Attack} 9. Qc1 Qxc1+ 10. Rxc1 Bc6 11. Nb5 Bxb5 12. Bxb5+ Kd8 (12... Ke7 $1 $15) 13. c4 $11 dxc4 14. Rxc4 Kc7 15. Nf3 Nh6 16. Ke2 Rd8 17. c6 b6 18. Ba4 (18. Rd4 $14) 18... a6 19. Bc2 b5 20. Rc3 Ra7 21. Rc1 Kb6 22. Be4 (22. Bd3 $14 Rc7 23. a4 (23. Bxh7 g6 $15)) 22... Rc7 23. a4 (23. Ne5 $11) 23... f5 (23... Nf5 $1 $15) 24. Bd3 $132 {[%mdl 2048] Strongly threatening axb5. White puts up resistance} Rxc6 25. axb5 axb5 26. Ne5 Rxc3 27. Rxc3 Ng4 {next ...Nxe5 is good for Black.} 28. Rb3 Rd5 29. Nc4+ Kc5 {And now ...Nc6 would win.} 30. Nb2 (30. Na5 $1 $11) 30... Kc6 $15 31. Nd1 Nd7 ({Of course not} 31... Nxh2 $6 32. f3 $11) ({Black should play} 31... Na6 $1 $17) 32. Rb2 $11 ({Don't blunder} 32. Nc3 $2 Rxd3 $1 {[%mdl 512]} 33. Kxd3 Nc5+ 34. Kc2 Nxb3 $19) 32... Rc5 33. Kd2 (33. Rb3 $1 $11) 33... Nb6 $1 $17 34. f3 {[#]} Nf6 $1 35. Nc3 {[%cal Rb2b5] [#]} Nc4+ $1 36. Bxc4 bxc4 {[%mdl 4096] Endgame KRN-KRN} 37. Rb8 Kd7 (37... Nd5 $17 38. g3 Kd6) 38. Ke3 Nd5+ 39. Kd4 Rc8 {The position is equal.} (39... Ra5 {looks sharper.} 40. Kxc4 Ne3+ 41. Kd4 Nxg2 42. Rb7+ Kc6) 40. Rxc8 Kxc8 $11 {KN-KN} 41. g3 Kd7 42. Kxc4 Kc6 43. Kd4 Nxc3 44. Kxc3 {KP-KP} Kc5 45. Kd3 $1 Kd5 46. g4 h6 47. h3 g6 48. h4 h5 49. g5 e5 50. fxe5 Kxe5 {K3P-K3P} 51. Ke3 $1 Kd5 52. Kd3 $1 Kc5 (52... f4 $5) 53. Kc3 Kd5 {aiming for ...Ke5.} (53... f4 $5) 54. Kd3 Ke5 {Hoping for ...Kf4.} (54... f4 $5) 55. Ke3 $1 Kd5 56. Kd3 $1 Kc5 (56... f4 $5) 57. Kc3 {Av CentiPawn Loss W=-8/B=-9. Weighted=-8/-9} 1/2-1/2

[Event "Satka Autumn 2020"]
[Site "Satka"]
[Date "2020.10.22"]
[Round "2.12"]
[White "Martynyuk, Elizaveta"]
[Black "Shamsutdinova, Karina"]
[Result "1-0"]
[WhiteElo "2102"]
[BlackElo "1762"]
[Annotator "TA"]
[PlyCount "79"]
[EventDate "2020.10.21"]
[EventType "swiss"]
[EventCountry "RUS"]
[SourceTitle "playchess.com"]
[Source "ChessBase"]
[SourceQuality "1"]

{[%evp 10,79,30,37,34,26,33,33,62,39,20,35,24,29,26,12,20,24,44,27,58,6,127,112,110,62,72,81,290,290,390,303,283,172,314,317,297,241,515,387,401,395,516,410,389,400,1041,1027,964,694,632,545,803,806,1119,1102,1272,1175,1031,593,772,751,29992,1202,29989,29990,29991,29991,29991,29990,29992,29993]} 1. e4 c5 2. Nf3 e6 3. d4 cxd4 4. Nxd4 Bc5 5. Nb3 Bb6 6. c4 Ne7 {B40: Sicilian: 2...e6, Unusual lines.} 7. Nc3 Nbc6 8. Bf4 e5 {White is slightly better.} 9. Bg3 {[#]} O-O $146 ({Predecessor:} 9... Ng6 10. h4 a5 11. h5 Nf4 12. Bxf4 exf4 13. Qg4 O-O 14. O-O-O a4 15. Nd2 a3 16. Qxf4 axb2+ 17. Kxb2 {1-0 (33) Andreas,G (1912)-Kverndal,L (1629) Halle 2004}) 10. c5 Bc7 11. Bc4 d6 12. O-O dxc5 13. Nxc5 Nd4 14. Qh5 Nec6 15. Nd5 (15. Rad1 $14) 15... Bd6 (15... Kh8 $11) 16. Bh4 $36 {[%mdl 2048] White is on the roll.} Be7 17. Nxe7+ Nxe7 18. Nd3 g6 $2 {Black cannot hold the game after this.} (18... Be6 $16 {was necessary.} 19. Nxe5 Qd6) 19. Qxe5 $18 Be6 20. Bxe6 Nxe6 21. Rad1 {[#] aiming for Nc5.} Qe8 (21... Nc6 {keeps fighting.}) 22. Bf6 Nc6 23. Qg3 Ncd4 $2 (23... Ng7 24. Qh4 Nh5) 24. Qh4 Qb5 25. Ne5 Ne2+ 26. Kh1 {Black must now prevent f4.} N2f4 27. Nd7 Rfc8 (27... Rfd8 $142) 28. Be5 {White wants to mate with Nf6+.} Nh5 29. Nf6+ Kh8 30. Nd5+ Neg7 31. g4 Qe8 32. f4 f6 33. gxh5 fxe5 34. Ne7 {hxg6 is the strong threat.} Rc7 35. hxg6 {[%csl Gg6][%cal Rh4h7]} h5 36. Nd5 (36. Qg5 $142 Qxg6 {[%mdl 64] Remove Defender} 37. Nxg6+ Kh7 38. fxe5 Ne6 39. Qxh5+ Kg7 {[#]} 40. Ne7 $1 {[%mdl 512]} Rxe7 41. Rg1+ Kf8 42. Rdf1+ Nf4 43. Rxf4+ Rf7 44. Qxf7#) 36... Rc6 37. f5 {White mates.} Rd8 38. f6 Qxg6 39. fxg7+ Qxg7 40. Qxd8+ {Av CentiPawn Loss W=-75/B=-122. Weighted=-50/-131} 1-0

[Event "Satka Autumn 2020"]
[Site "Satka"]
[Date "2020.10.22"]
[Round "2.13"]
[White "Baranova, Elizaveta"]
[Black "Mukhina, Jana"]
[Result "0-1"]
[WhiteElo "1794"]
[BlackElo "2025"]
[Annotator "TA"]
[PlyCount "56"]
[EventDate "2020.10.21"]
[EventType "swiss"]
[EventCountry "RUS"]
[SourceTitle "playchess.com"]
[Source "ChessBase"]
[SourceQuality "1"]

{[%evp 10,56,31,18,35,13,17,-20,-25,-24,-37,-60,-54,-39,-47,-62,-66,-139,-53,-440,-439,-427,-272,-328,-223,-208,-172,-182,-169,-164,-137,-153,-144,-238,-243,-340,-346,-337,-339,-444,-333,-384,-310,-308,-304,-656,-647,-611,-635]} 1. e4 d6 2. d4 Nf6 3. Nc3 g6 4. h3 Bg7 5. Be3 O-O 6. Qd2 a6 {B07: Pirc Defence: Miscellaneous Systems.} 7. a4 e5 {[#]} 8. Nf3 $146 ({Predecessor:} 8. d5 a5 9. Rd1 Na6 10. Nf3 b6 11. Bb5 Nc5 12. Bxc5 bxc5 13. g4 Kh8 14. Ke2 {0-1 (43) Savchenko,B (2566)-Duda,J (2717) Riadh 2017}) 8... exd4 {The position is equal.} 9. Nxd4 Re8 10. Bd3 d5 {[#] Threatens to win with ...c5.} 11. exd5 Nxd5 12. Nxd5 Qxd5 13. Be2 {[#]} ({White should try} 13. Nf3 $1 $15) 13... c5 ({Much less strong is} 13... Qxg2 14. Bf3 $15) (13... Nc6 $1 $17 {[%cal Rc6d4]} 14. Nf3 Qxd2+ 15. Kxd2 Nb4) 14. c4 $2 {[%mdl 8192] This move loses the game for White.} ({Better is} 14. Nf3 $15 Qxd2+ 15. Kxd2) 14... Qxg2 $19 {[%mdl 64] Double Attack} 15. Bf3 Qg5 16. Nb3 Qf6 17. Bd5 Qxb2 18. Qxb2 Bxb2 19. Rd1 Ba3 20. Kf1 Nd7 21. Rh2 (21. a5 $17 {is a better defense.}) 21... a5 22. Bxb7 Bxb7 23. Rxd7 Bf3 24. Rc7 Rec8 25. Re7 Kf8 26. Re5 f6 27. Bxc5+ $2 (27. Bh6+ Kf7 28. Re3) 27... Bxc5 28. Rxc5 Rd8 {Av CentiPawn Loss W=-56/B=-26. Weighted=-83/-27} 0-1

[Event "Satka Autumn 2020"]
[Site "Satka"]
[Date "2020.10.23"]
[Round "3.1"]
[White "Kovanova, Baira"]
[Black "Bivol, Alina"]
[Result "0-1"]
[WhiteElo "2324"]
[BlackElo "2393"]
[Annotator "TA"]
[PlyCount "74"]
[EventDate "2020.10.21"]
[EventType "swiss"]
[EventCountry "RUS"]
[SourceTitle "playchess.com"]
[Source "ChessBase"]
[SourceQuality "1"]

{[%evp 18,74,0,12,34,31,59,0,27,30,50,18,18,0,0,0,0,-85,-74,-91,-62,-119,-106,-145,-141,-191,-161,-248,-217,-212,-193,-358,-350,-463,-275,-793,-777,-650,-539,-489,-496,-466,-398,-412,-407,-420,-417,-360,-358,-468,-404,-577,-594,-783,-754,-29985,-29986,-29997,-29998]} 1. d4 Nf6 2. c4 g6 3. g3 Bg7 4. Bg2 d5 5. cxd5 Nxd5 6. e4 Nb6 7. Ne2 c5 8. d5 e6 9. Nec3 O-O 10. O-O exd5 {D72: Fianchetto Grünfeld: 5 cxd5 Nxd5 6 e4 Nb6 (without Nf3).} 11. exd5 Nc4 {[#]} 12. Qb3 $146 ({White should play} 12. Nd2 $14 Nxd2 13. Bxd2) ({Predecessor:} 12. Nd2 Ne5 13. Nde4 Na6 14. Bg5 f6 15. Bf4 Re8 16. Nb5 Bf8 17. d6 Bd7 18. Nc7 Nxc7 19. dxc7 Qe7 20. Bxe5 {1-0 (20) Atalik,S (2509)-Roganovic,M (2505) Ruma 2020}) 12... Ne5 {The position is equal.} (12... Na5 $5 {[%cal Ra5b3]} 13. Qd1 Nd7 $11) 13. Na3 Na6 {[%cal Bb8a6,Ba6b4,Bb4d3][%mdl 32]} 14. Be3 (14. Ne4 {with more complications.} Qb6 15. Bg5 Bf5 16. Be7 Rfb8 17. Nf6+) 14... b6 15. Nc4 Nxc4 $1 16. Qxc4 Nb4 17. Qb3 {[#]} (17. d6 $11) 17... Bf5 $1 $17 18. Rac1 Nd3 19. Rb1 (19. Rc2 $15) 19... Rc8 20. Nb5 Qd7 21. a4 Rfe8 22. Qa3 (22. Na3 $142) 22... Nb4 {Hoping for ...Nc2.} 23. Rbc1 Nc2 ({But not} 23... Nxd5 24. Rfd1 $17) 24. Qb3 $2 (24. Rxc2 {only move.} Bxc2 25. Bf4) 24... c4 $19 25. Qa2 Bd3 (25... Nxe3 $142 26. fxe3 Rxe3) 26. Rfd1 $2 (26. Rxc2 Bxc2 27. Re1) 26... Nxe3 27. fxe3 Bh6 28. Kh1 Bxe3 29. Ra1 Bc2 30. Re1 a6 31. Nc3 Kg7 32. Rf1 Bd3 33. Rfe1 Bd2 34. Rxe8 (34. Rg1 $142) 34... Rxe8 35. Qa3 Qf5 {[#] White must now prevent ...Qf2.} 36. Qb4 Qf2 37. d6 Re1+ {[%mdl 64] Back Rank. White did not feel at home in the position after the opening. Av CentiPawn Loss W=-91/B=-25. Weighted=-110/-27} 0-1